000 00409nam a22001697a 4500
003 MPLRDC
005 20220104142728.0
008 210129b ||||| |||| 00| 0 eng d
082 _a782.27 XXT
100 _a许啸天
245 _a隋唐帝王外史
_c
260 _a
_b智扬出版社
_c1992
300 _b
490 _a中国古典文学名著
650 _a中国传记
942 _cBK
_o782.27 XXT
999 _c33244
_d33234